[Event "20th European Teams"]
[Site "Reykjavik ISL"]
[Date "2015.11.13"]
[Round "1.1"]
[White "Ivanchuk, Vassily"]
[Black "Lupulescu, Constantin"]
[Result "1-0"]
[WhiteElo "2720"]
[BlackElo "2631"]
[PlyCount "89"]
[EventDate "2015.11.13"]
[WhiteTeam "Ukraine"]
[BlackTeam "Romania"]
[WhiteTeamCountry "UKR"]
[BlackTeamCountry "ROU"]

1. d4 Nf6 2. c4 e6 3. Nf3 d5 4. Nc3 Be7 5. Qc2 O-O 6. cxd5 exd5 7. Bg5 h6 8.
Bh4 Na6 9. e3 Nb4 10. Qb3 Bf5 11. Rc1 c5 {Lupulescu's last move is a clear
indication that he wants to make use of his lead in development. It looks
scary for White as he is still is some time away from castling. But Ivanchuk
simply knows no fears.} 12. dxc5 $1 Qa5 13. Nd4 $1 Nd3+ (13... Bg6 14. Be2 Nd3+
15. Bxd3 Bxd3 16. c6 {transposes to the game.}) 14. Bxd3 Bxd3 {At first sight
this looks pretty good for Black who has prevented his opponent from castling.
But the Ukrainian had seen further.} 15. c6 $1 (15. Qxb7 {is also strong but
humans don't play this way when their king is in the centre.}) 15... Bc4 16.
Qa4 Qc5 (16... Qxa4 17. Nxa4 bxc6 18. Nxc6 Bd6 {is the best line of play
according to the computer. But for a human player it looks pretty bad to go
into such an ending with a pawn less.} 19. Bxf6 gxf6 20. b3 Bb5 21. Nd4 $16)
17. cxb7 Rab8 18. b3 Bd3 19. Kd2 $1 {I like this bold move connecting the
rooks. The king feels at home on d2.} Bg6 20. Bxf6 $1 {A nice simplifying idea.
} Bxf6 21. Ne4 Qe7 22. Nc5 (22. Nc6 $1 {Would have been very strong. I wonder
why Ivanchuk rejected it.} Qxb7 23. Nxf6+ gxf6 24. Nxb8 Rxb8 25. Qd4 $18) 22...
Be5 23. g3 Bd6 24. Nd7 Bb4+ 25. Ke2 Bh5+ 26. Kf1 Bd2 27. Rc2 (27. Rc7 {was
strong. Ivanchuk's move looks winning on the surface but gives Black strong
counterplay.}) 27... Rxb7 28. Nxf8 Rb4 $6 (28... Qe4 $1 {would have muddied
the water to quite some extent.} 29. Kg1 (29. Rg1 Qd3+ 30. Kg2 Qe4+ 31. f3
Bxf3+ 32. Nxf3 Qxc2 $13) 29... Rb4 {The threat is to take the knight on d4.}
30. Rxd2 $1 Rxa4 31. bxa4 Qb1+ 32. Kg2 Qe4+ 33. f3 Qxe3 34. Rhd1 Kxf8 35. g4
$16 {White is better but winning this will not be a piece of cake.}) 29. Rc8 $1
Qe4 (29... Rxa4 30. Ng6+ $18) 30. Nfe6+ Kh7 31. Nf8+ Kg8 {Repeating the
position to gain time on the clock.} 32. Ng6+ $1 {Ivanchuk finds the only way
to win.} Kh7 33. Rh8+ Kxg6 34. Qc6+ f6 (34... Kg5 35. h4+ Kg4 36. Qd7+ f5 37.
Qxg7+ $18) 35. Qe8+ $1 {The queens are exchanged and White's material
advantage is brought home.} Qxe8 36. Rxe8 Bc3 37. Nc2 Re4 38. Rxe4 dxe4 39. Nd4
Bf3 40. Nxf3 exf3 {This would have been a nice position had there been pawns
on h3 and g4 for Black but here the rook gets into the game quite easily.} 41.
g4 h5 42. gxh5+ Kxh5 43. Rg1 g5 44. Rg3 g4 45. h3 (45. h3 f5 46. hxg4+ fxg4 47.
Rg1 $18 {[%cal Gg1h1,Gh1h7]}) 1-0

[Event "20th European Teams"]
[Site "Reykjavik ISL"]
[Date "2015.11.13"]
[Round "1.2"]
[Board "4"]
[White "Parligras, Mircea-Emilian"]
[Black "Areshchenko, Alexander"]
[Result "1/2-1/2"]
[WhiteTitle "GM"]
[BlackTitle "GM"]
[WhiteElo "2587"]
[BlackElo "2682"]
[WhiteTeam "Romania"]
[BlackTeam "Ukraine"]
[WhiteFideId "1204297"]
[BlackFideId "14109530"]
[EventDate "2015.11.13"]

1. d4 Nf6 2. c4 g6 3. Nc3 d5 4. cxd5 Nxd5 5. e4 Nxc3 6. bxc3 Bg7 7. Be3 c5 8.
Rc1 Qa5 9. Qd2 cxd4 10. cxd4 Qxd2+ 11. Bxd2 O-O 12. Nf3 Bg4 13. Be3 Rd8 14. d5
Nd7 15. Nd4 Nb6 16. Nb5 Rac8 17. Rxc8 Rxc8 18. Be2 Bxe2 19. Kxe2 f5 20. Nxa7
Rc2+ 21. Kf3 fxe4+ 22. Kxe4 Rc4+ 23. Kd3 Rc3+ 24. Ke4 Rc4+ 25. Kd3 Rc3+ 26. Ke4
Rc4+ 1/2-1/2

[Event "20th European Teams"]
[Site "Reykjavik ISL"]
[Date "2015.11.13"]
[Round "1.3"]
[Board "3"]
[White "Borisek, Jure"]
[Black "Mamedov, Rauf"]
[Result "1/2-1/2"]
[WhiteTitle "GM"]
[BlackTitle "GM"]
[WhiteElo "2565"]
[BlackElo "2653"]
[WhiteTeam "Slovenia"]
[BlackTeam "Azerbaijan"]
[WhiteFideId "14603152"]
[BlackFideId "13401653"]
[EventDate "2015.11.13"]

1. e4 c5 2. Nf3 Nc6 3. Bb5 g6 4. Bxc6 bxc6 5. O-O Bg7 6. Re1 Nh6 7. c3 O-O 8. d4
cxd4 9. cxd4 d5 10. e5 f6 11. e6 Nf5 12. Nc3 Nd6 13. b3 Ne4 14. Nxe4 dxe4 15.
Rxe4 Qd5 16. Re3 Bxe6 17. Qe2 Bf7 18. Ba3 Rfe8 19. Bxe7 Qf5 20. Bc5 Bh6 21.
Rxe8+ Rxe8 22. Qf1 Qc2 23. Bxa7 Ra8 24. Bc5 Rxa2 25. b4 Rxa1 26. Qxa1 Qc1+ 27.
Qxc1 Bxc1 28. Kf1 Bb3 29. Ke2 Kf7 30. Nd2 Bxd2 31. Kxd2 Bc4 32. Ke3 h5 33. h4
Ke6 34. Kf4 Bf1 35. g3 Be2 36. f3 Bd1 37. g4 Bb3 38. g5 f5 39. Ke3 Kd5 40. Kf4
Bc4 41. Ke3 1/2-1/2

[Event "20th European Teams"]
[Site "Reykjavik ISL"]
[Date "2015.11.13"]
[Round "1.3"]
[Board "4"]
[White "Safarli, Eltaj"]
[Black "Sebenik, Matej"]
[Result "1-0"]
[WhiteTitle "GM"]
[BlackTitle "GM"]
[WhiteElo "2657"]
[BlackElo "2528"]
[WhiteTeam "Azerbaijan"]
[BlackTeam "Slovenia"]
[WhiteFideId "13402129"]
[BlackFideId "14602296"]
[EventDate "2015.11.13"]

1. e4 c5 2. Nf3 d6 3. Bc4 Nf6 4. d3 Nc6 5. c3 Bg4 6. h3 Bh5 7. Nbd2 e6 8. Bb3
Be7 9. Nf1 d5 10. exd5 Nxd5 11. Ng3 Bg6 12. O-O O-O 13. d4 cxd4 14. Nxd4 Nxd4
15. Qxd4 Nf6 16. Be3 Qa5 17. Qd1 Bc5 18. Qf3 Bxe3 19. Qxe3 Rfd8 20. Rfd1 b6 21.
Rd4 Qc5 22. Rad1 Rxd4 23. Rxd4 e5 24. Qf3 Re8 25. Rd2 h5 26. Nf1 a5 27. Ne3 b5
28. a3 b4 29. cxb4 axb4 30. a4 Bd3 31. Nd5 Nxd5 32. Qxd3 Nf6 33. Qc4 Qe7 34. Qc6
e4 35. Qd6 Qa7 36. Qd4 Qc7 37. Bc4 e3 38. fxe3 Qg3 39. Re2 Re4 40. Qd3 Qc7 41.
b3 Qb6 42. Kh1 h4 43. Rd2 Qc5 44. Qd8+ Kh7 45. Bd3 Qc1+ 46. Kh2 Qe1 47. Rd1 Qg3+
48. Kh1 Qf2 49. Qd4 1-0

[Event "20th European Teams"]
[Site "Reykjavik ISL"]
[Date "2015.11.13"]
[Round "1.4"]
[Board "3"]
[White "Edouard, Romain"]
[Black "Hillarp Persson, Tiger"]
[Result "1-0"]
[WhiteTitle "GM"]
[BlackTitle "GM"]
[WhiteElo "2632"]
[BlackElo "2539"]
[WhiteTeam "France"]
[BlackTeam "Sweden"]
[WhiteFideId "633429"]
[BlackFideId "1700812"]
[EventDate "2015.11.13"]

1. d4 Nf6 2. c4 e6 3. Nc3 c5 4. d5 exd5 5. cxd5 d6 6. e4 g6 7. f4 Bg7 8. Bb5+
Nfd7 9. Nf3 a6 10. Bd3 b5 11. O-O O-O 12. Kh1 Re8 13. a3 Ra7 14. Qe1 Nf6 15. Qh4
Ng4 16. Qg3 f5 17. Ng5 Qf6 18. h3 Nh6 19. e5 dxe5 20. fxe5 Rxe5 21. Nge4 Qe7 22.
Bg5 fxe4 23. Bxe7 Raxe7 24. Nxe4 c4 25. Nd6 Bxh3 26. gxh3 cxd3 27. Rac1 Nd7 28.
Rc8+ Nf8 29. Qf3 Rf5 30. Nxf5 Nxf5 31. d6 Rd7 32. Qd5+ Kh8 33. Rxf5 1-0

[Event "20th European Teams"]
[Site "Reykjavik ISL"]
[Date "2015.11.13"]
[Round "1.5"]
[Board "2"]
[White "McShane, Luke J"]
[Black "Brunello, Sabino"]
[Result "1-0"]
[WhiteTitle "GM"]
[BlackTitle "GM"]
[WhiteElo "2687"]
[BlackElo "2562"]
[WhiteTeam "England"]
[BlackTeam "Italy"]
[WhiteFideId "404853"]
[BlackFideId "813613"]
[EventDate "2015.11.13"]

1. e4 e5 2. Nf3 Nc6 3. Bb5 a6 4. Ba4 Nf6 5. O-O Be7 6. d3 b5 7. Bb3 d6 8. a4 b4
9. c3 Rb8 10. Nbd2 O-O 11. Nc4 bxc3 12. bxc3 h6 13. Ba2 Be6 14. Re1 Re8 15. h3
Bf8 16. Bd2 Qc8 17. Qc2 Ne7 18. d4 Ng6 19. Kh2 exd4 20. Nxd4 Bd7 21. f4 c5 22.
Nf3 Rxe4 23. Rxe4 Bf5 24. Re8 Nxe8 25. Qd1 Qc6 26. Ne3 Be4 27. f5 Ne5 28. Nxe5
dxe5 29. Be1 Nf6 30. Qe2 Qb7 31. Bc4 Qb2 32. Qxb2 Rxb2 33. Bg3 Ne8 34. Bxa6 Be7
35. Bf1 Nd6 36. Bxe5 Nxf5 37. Nc4 Rc2 38. a5 Bg5 39. a6 Nh4 40. a7 Nf3+ 41. Kh1
Nxe5 42. Nxe5 f5 43. a8=Q+ Bxa8 44. Rxa8+ Kh7 45. Ra1 Rxc3 46. Bd3 g6 47. Ra7+
Kg8 48. Bc4+ Kf8 49. Rf7+ Ke8 50. Bb5+ Kd8 51. Rd7+ 1-0

[Event "20th European Teams"]
[Site "Reykjavik ISL"]
[Date "2015.11.13"]
[Round "1.5"]
[Board "3"]
[White "Dvirnyy, Danyyil"]
[Black "Short, Nigel D"]
[Result "1/2-1/2"]
[WhiteTitle "GM"]
[BlackTitle "GM"]
[WhiteElo "2561"]
[BlackElo "2686"]
[WhiteTeam "Italy"]
[BlackTeam "England"]
[WhiteFideId "817570"]
[BlackFideId "400025"]
[EventDate "2015.11.13"]

1. d4 Nf6 2. c4 e6 3. Nf3 b6 4. g3 Bb4+ 5. Bd2 Bxd2+ 6. Qxd2 Ba6 7. b3 c6 8. Bg2
d5 9. O-O O-O 10. Rc1 Nbd7 11. cxd5 cxd5 12. Nc3 Rc8 13. Qb2 Qe7 14. Rc2 Rc7 15.
Rac1 Rfc8 16. Nb1 Qd6 17. Bf1 h6 18. Rxc7 Rxc7 19. Rxc7 Qxc7 20. Qc3 Qxc3 21.
Nxc3 Ne4 22. Nb1 Kf8 23. Nfd2 Ke7 24. f3 Nxd2 25. Nxd2 e5 26. e3 Bxf1 27. Kxf1
exd4 28. exd4 Nb8 29. Ke2 Nc6 30. Ke3 Nb4 31. a4 g5 32. Nb1 f5 33. Nc3 Ke6 34.
Ne2 Kf6 35. Kd2 g4 36. f4 Ke6 37. Kc3 Na2+ 38. Kb2 Nb4 39. Kc3 Na2+ 40. Kb2 Nb4
41. Kc3 1/2-1/2

[Event "20th European Teams"]
[Site "Reykjavik ISL"]
[Date "2015.11.13"]
[Round "1.5"]
[Board "4"]
[White "Jones, Gawain C B"]
[Black "Godena, Michele"]
[Result "1-0"]
[WhiteTitle "GM"]
[BlackTitle "GM"]
[WhiteElo "2615"]
[BlackElo "2508"]
[WhiteTeam "England"]
[BlackTeam "Italy"]
[WhiteFideId "409561"]
[BlackFideId "800090"]
[EventDate "2015.11.13"]

1. c4 e5 2. Nc3 Nf6 3. Nf3 Nc6 4. g3 Bc5 5. Bg2 d6 6. O-O Bf5 7. d3 h6 8. Na4
O-O 9. h3 e4 10. dxe4 Nxe4 11. Nxc5 dxc5 12. Qxd8 Raxd8 13. Bf4 g5 14. Be3 Nd4
15. Rad1 Nxe2+ 16. Kh2 Rfe8 17. Rfe1 Rxd1 18. Rxd1 N4xg3 19. Re1 Bd3 20. Bxc5
Nh5 21. b3 Nhf4 22. Bf1 b6 23. Be3 Kf8 24. c5 Nc3 25. Bxf4 Bxf1 26. Be5 Nxa2 27.
Rxf1 bxc5 28. Bxc7 Re2 29. Bd6+ Kg8 30. Bxc5 Rb2 31. Nd4 Nc3 32. Bxa7 Ra2 33.
Bb8 Rd2 34. Nf5 Kh7 35. Bc7 Rb2 36. Re1 Kg6 37. Ne7+ Kf6 38. Nd5+ 1-0

[Event "20th European Teams"]
[Site "Reykjavik ISL"]
[Date "2015.11.13"]
[Round "1.6"]
[Board "3"]
[White "Movsesian, Sergei"]
[Black "Danielsen, Henrik"]
[Result "1-0"]
[WhiteTitle "GM"]
[BlackTitle "GM"]
[WhiteElo "2666"]
[BlackElo "2500"]
[WhiteTeam "Armenia"]
[BlackTeam "Iceland"]
[WhiteFideId "310204"]
[BlackFideId "1400185"]
[EventDate "2015.11.13"]

1. e4 e5 2. Nf3 Nf6 3. d4 Nxe4 4. Bd3 d5 5. Nxe5 Nd7 6. Nxd7 Bxd7 7. Nc3 Nxc3 8.
bxc3 Qe7+ 9. Be3 g6 10. O-O Bg7 11. Qf3 Be6 12. Rfb1 c6 13. a4 O-O 14. Bf4 b6
15. Qg3 Qd7 16. h4 Rfe8 17. Be5 Bf5 18. Re1 f6 19. Bf4 Kf7 20. c4 Bxd3 21. Qxd3
Bf8 22. Re3 Rxe3 23. Bxe3 Re8 24. cxd5 Qxd5 25. c4 Qh5 26. a5 Qxh4 27. axb6 axb6
28. Qb3 Kg7 29. Qxb6 Qe4 30. Re1 g5 31. Bd2 Qg6 32. Qxc6 Rxe1+ 33. Bxe1 Qd3 34.
Qd7+ Kg6 35. Qe8+ Kg7 36. d5 Bc5 37. Qd7+ Kg6 38. Qb5 Qd4 39. Qb1+ f5 40. Qb5 g4
41. g3 h5 42. Qe8+ Kg5 43. Qg8+ Kh6 44. Qf7 Qd3 45. Qe6+ Kg5 46. Qe5 Bd4 47.
Qf4+ Kg6 48. Bd2 Kf7 49. Qc7+ Kg8 50. Qd8+ Kf7 51. Qd7+ Kg8 52. Qe8+ Kg7 53.
Qe7+ Kg8 54. Qe6+ Kg7 55. Qh6+ Kg8 56. Qg6+ Kh8 57. Qxh5+ Kg8 58. Qg6+ Kh8 59.
Qh6+ Kg8 60. Qe6+ Kg7 61. Bh6+ Kh7 62. Bf4 Qd1+ 63. Kh2 Qc2 64. Qh6+ Kg8 65. Be3 1-0

[Event "20th European Teams"]
[Site "Reykjavik ISL"]
[Date "2015.11.13"]
[Round "1.6"]
[Board "4"]
[White "Kjartansson, Gudmundur"]
[Black "Melkumyan, Hrant"]
[Result "0-1"]
[WhiteTitle "IM"]
[BlackTitle "GM"]
[WhiteElo "2475"]
[BlackElo "2632"]
[WhiteTeam "Iceland"]
[BlackTeam "Armenia"]
[WhiteFideId "2301318"]
[BlackFideId "13302485"]
[EventDate "2015.11.13"]

1. Nf3 Nf6 2. c4 c5 3. Nc3 Nc6 4. e3 e6 5. d4 d5 6. a3 a6 7. dxc5 Bxc5 8. b4 Ba7
9. Bb2 O-O 10. Qc2 Qe7 11. Rd1 Rd8 12. Be2 dxc4 13. Rxd8+ Nxd8 14. Ne4 Nxe4 15.
Qxe4 Bd7 16. Ne5 Bb5 17. Bxc4 f6 18. Bxb5 axb5 19. Nf3 Nf7 20. Qd3 Nd6 21. Nd2
Rd8 22. Qb3 Qf7 23. h4 e5 24. Qxf7+ Kxf7 25. Ke2 h5 26. Rc1 Bb6 27. Rc2 Ke6 28.
Bc1 Ra8 29. Nb3 Nc4 30. Nd2 Nxd2 31. Kxd2 Rd8+ 32. Ke2 e4 33. Bb2 Rd6 34. Ke1
Rc6 35. Rd2 Rc4 36. Kd1 Bc7 37. Bd4 Rc6 38. Bb2 Bd6 39. Ke1 Rc4 40. Kd1 Be7 41.
Ke1 Rc8 42. Kf1 Rd8 43. Bd4 Rd6 44. g3 Rc6 45. Bb2 Bd6 46. Kg2 Bc7 47. Kh3 g6
48. Kg2 Rd6 49. Rc2 Bb6 50. Bd4 Bxd4 51. exd4 Rc6 52. d5+ Kxd5 53. Rd2+ Kc4 54.
Rd7 Rb6 55. f3 exf3+ 56. Kxf3 Kb3 57. Rd3+ Ka4 58. Ke4 Rc6 59. Kd5 g5 60. Rf3
Rc4 61. hxg5 fxg5 62. Kd6 g4 63. Re3 Rc1 64. Kd7 Ra1 65. Kc7 Rxa3 66. Re5 Kxb4
67. Rxh5 Rxg3 68. Kb6 Ka4 69. Rh1 b4 0-1

[Event "20th European Teams"]
[Site "Reykjavik ISL"]
[Date "2015.11.13"]
[Round "1.7"]
[Board "3"]
[White "Iordachescu, Viorel"]
[Black "Almasi, Zoltan"]
[Result "1/2-1/2"]
[WhiteTitle "GM"]
[BlackTitle "GM"]
[WhiteElo "2581"]
[BlackElo "2689"]
[WhiteTeam "Moldova"]
[BlackTeam "Hungrary"]
[WhiteFideId "13900200"]
[BlackFideId "702293"]
[EventDate "2015.11.13"]

1. d4 Nf6 2. Nf3 e6 3. c4 b6 4. e3 Bb7 5. Bd3 d5 6. O-O Bd6 7. b3 O-O 8. cxd5
exd5 9. Ba3 Bxa3 10. Nxa3 Qe7 11. Nb5 a6 12. Nc3 Nbd7 13. Rc1 g6 14. Re1 Rfe8
15. Bf1 c5 16. Re2 Rac8 17. Rec2 Qd6 18. a4 Rc7 19. dxc5 bxc5 20. a5 Rec8 21.
Na4 Rc6 22. g3 Rb8 23. Bg2 Ba8 24. Nd2 Qc7 25. Ra1 h5 26. Qc1 h4 27. Nc3 hxg3
28. hxg3 Rd6 29. Ne2 Qd8 30. Nf4 Rb5 31. Nd3 Rc6 32. Ra4 Rc8 33. Qa1 Rcb8 34.
Rc1 Bc6 35. Ra2 Ne4 36. Nf4 Nxd2 37. Rxd2 Qxa5 38. Ra2 Qd8 39. Bxd5 Bxd5 40.
Nxd5 Qg5 41. Rd1 Qe5 42. Rxa6 Qxa1 43. Raxa1 R8b7 44. Ra3 Kg7 45. Nf4 Ne5 46.
Rd5 Ng4 47. Rg5 Nf6 48. Ra2 Re7 49. Nd5 Nxd5 50. Rxd5 Rxb3 51. Rxc5 Reb7 52. Kg2
R3b5 53. Rc8 Rb8 54. Rcc2 R8b7 55. Rd2 Rb4 56. Rac2 Rb3 57. Kf3 R7b6 58. g4 R3b4
59. Kg3 g5 60. Rd4 Rxd4 61. exd4 Rb3+ 62. Kg2 Rd3 63. Rc4 f5 64. gxf5 Kf6 65.
Kf1 Kxf5 66. Ke2 Ra3 67. Rc2 Ke4 68. Rd2 Kd5 69. Rd3 Ra8 70. Rg3 Kxd4 71. Rxg5
Ke4 72. Rb5 1/2-1/2

[Event "20th European Teams"]
[Site "Reykjavik ISL"]
[Date "2015.11.13"]
[Round "1.7"]
[Board "4"]
[White "Berkes, Ferenc"]
[Black "Iovcov, Valerii"]
[Result "1/2-1/2"]
[WhiteTitle "GM"]
[BlackTitle "FM"]
[WhiteElo "2648"]
[BlackElo "2421"]
[WhiteTeam "Hungrary"]
[BlackTeam "Moldova"]
[WhiteFideId "718572"]
[BlackFideId "13903837"]
[EventDate "2015.11.13"]

1. Nf3 Nf6 2. g3 e6 3. Bg2 d5 4. O-O Be7 5. d3 O-O 6. c4 c5 7. Nc3 d4 8. Na4 Nc6
9. e4 e5 10. Ne1 a6 11. b3 b5 12. Nb2 Bg4 13. Qd2 Bd7 14. Qe2 Bg4 15. Qd2 Qd7
16. f4 exf4 17. gxf4 Ne8 18. Kh1 f5 19. e5 Nc7 20. Rg1 Rad8 21. Qf2 Kh8 22. Bd2
Bh5 23. Bf3 Bxf3+ 24. Nxf3 Ne6 25. Rg3 Qe8 26. Rag1 Rg8 27. Qg2 g6 28. Rh3 Rc8
29. Qg3 Qf7 30. Rh6 Bf8 31. Rh3 Be7 32. Rh6 Bf8 33. Rh3 Be7 1/2-1/2

[Event "20th European Teams"]
[Site "Reykjavik ISL"]
[Date "2015.11.13"]
[Round "1.8"]
[Board "2"]
[White "Shengelia, David"]
[Black "Duda, Jan-Krzysztof"]
[Result "1/2-1/2"]
[WhiteTitle "GM"]
[BlackTitle "GM"]
[WhiteElo "2579"]
[BlackElo "2658"]
[WhiteTeam "Austria"]
[BlackTeam "Poland"]
[WhiteFideId "13601270"]
[BlackFideId "1170546"]
[EventDate "2015.11.13"]

1. d4 d5 2. c4 c6 3. cxd5 cxd5 4. Bf4 Nc6 5. e3 Nf6 6. Nc3 Bf5 7. Nf3 e6 8. Qb3
Bb4 9. Bb5 O-O 10. O-O Bxc3 11. Qxc3 Ne4 12. Qa3 g5 13. Bg3 f6 14. Rac1 Rc8 15.
Bxc6 bxc6 16. Rfd1 h5 17. Nd2 Nxd2 18. Rxd2 c5 19. h4 gxh4 20. Bxh4 c4 21. Bg3
Rf7 22. f3 Qe8 23. Qd6 Rg7 24. Bh4 Rg6 25. Rc3 Bd3 26. Ra3 Rc6 27. Qb4 a6 28.
Ra5 Qc8 29. Qe7 Qf8 30. Qxf8+ Kxf8 31. Be1 Kf7 32. Kh2 Rg8 33. Rf2 Rb8 34. Bc3
Rb5 35. Rxb5 axb5 36. Kg3 Rc8 37. Kf4 Rg8 38. g3 Rg5 39. g4 hxg4 40. fxg4 Rg7
41. Rh2 Rh7 42. Rxh7+ Bxh7 43. Ba5 Bb1 44. a3 Ke7 1/2-1/2

[Event "20th European Teams"]
[Site "Reykjavik ISL"]
[Date "2015.11.13"]
[Round "1.8"]
[Board "3"]
[White "Gajewski, Grzegorz"]
[Black "Kreisl, Robert"]
[Result "1-0"]
[WhiteTitle "GM"]
[BlackTitle "IM"]
[WhiteElo "2647"]
[BlackElo "2442"]
[WhiteTeam "Poland"]
[BlackTeam "Austria"]
[WhiteFideId "1116207"]
[BlackFideId "1613880"]
[EventDate "2015.11.13"]

1. d4 Nf6 2. Nf3 g6 3. e3 Bg7 4. Be2 c5 5. O-O cxd4 6. exd4 d5 7. h3 Nc6 8. c3
O-O 9. Bf4 Ne4 10. Nbd2 Qb6 11. Qb3 Nxd2 12. Nxd2 Qxb3 13. axb3 e5 14. dxe5 Nxe5
15. Bxe5 Bxe5 16. Nf3 Bf6 17. Rfd1 Be6 18. b4 a6 19. Nd4 Rfe8 20. Bf3 Rad8 21.
Ra5 Rd7 22. Nb3 Red8 23. b5 axb5 24. Rxb5 Kg7 25. Nc5 Rc7 26. Nxb7 Rb8 27. Nd6
Rd8 28. Rb6 d4 29. Nb5 Rcd7 30. Nxd4 Bxd4 31. Rxd4 Rxd4 32. cxd4 Rxd4 33. b4 Rd2
34. b5 Rb2 35. Rb8 Bc4 36. b6 Ba6 37. b7 g5 38. Be4 Rb3 39. g4 h6 40. Kg2 Rb2
41. Kg3 Rb3+ 42. f3 Rb5 43. Kf2 Rb3 44. Ke1 Rb2 45. Kd1 Rb5 46. Kd2 Rb3 47. Kc2
Rb4 48. Kc3 Rb6 49. Kd4 Rb5 50. Bc6 Rb2 51. Kc5 Rb1 52. Kd6 1-0

[Event "20th European Teams"]
[Site "Reykjavik ISL"]
[Date "2015.11.13"]
[Round "1.8"]
[Board "4"]
[White "Schachinger, Mario"]
[Black "Bartel, Mateusz"]
[Result "1/2-1/2"]
[WhiteTitle "IM"]
[BlackTitle "GM"]
[WhiteElo "2451"]
[BlackElo "2624"]
[WhiteTeam "Austria"]
[BlackTeam "Poland"]
[WhiteFideId "1616773"]
[BlackFideId "1112635"]
[EventDate "2015.11.13"]

1. d4 Nf6 2. c4 e6 3. Nf3 Bb4+ 4. Nbd2 O-O 5. a3 Be7 6. e4 d6 7. Bd3 c5 8. d5
Nbd7 9. O-O Ng4 10. Rb1 Bf6 11. h3 Nge5 12. Nxe5 Nxe5 13. Bc2 Ng6 14. Nf3 b6 15.
Be3 Bd7 16. Qd2 Re8 17. b4 Qc8 18. bxc5 dxc5 19. Qd3 exd5 20. exd5 Qa6 21. Rfe1
Ba4 22. Bxa4 Qxa4 23. Qb3 Qxb3 24. Rxb3 Be5 25. g3 Bd6 26. a4 Rab8 27. Reb1 Nf8
28. a5 Nd7 29. axb6 axb6 30. Ra1 Rb7 31. Kg2 Kf8 32. Ra6 Ke7 33. Nd2 Kd8 34. Nb1
h6 35. Nc3 Ne5 36. Ne4 Nxc4 37. Nxd6 Nxd6 38. Rbxb6 Rxb6 39. Rxb6 Ne4 40. Rb8+
Ke7 41. Rb7+ Kf6 42. Rc7 Rd8 43. Kf3 Nc3 44. Rxc5 Nxd5 45. Ke4 1/2-1/2

[Event "20th European Teams"]
[Site "Reykjavik ISL"]
[Date "2015.11.13"]
[Round "1.9"]
[Board "2"]
[White "L'Ami, Erwin"]
[Black "Hjartarson, Johann"]
[Result "1-0"]
[WhiteTitle "GM"]
[BlackTitle "GM"]
[WhiteElo "2623"]
[BlackElo "2529"]
[WhiteTeam "Netherlands"]
[BlackTeam "Iceland Legends"]
[WhiteFideId "1007998"]
[BlackFideId "2300044"]
[EventDate "2015.11.13"]

1. d4 Nf6 2. c4 e6 3. Nc3 Bb4 4. Qc2 O-O 5. a3 Bxc3+ 6. Qxc3 b5 7. cxb5 a6 8.
bxa6 Ne4 9. Qc2 f5 10. Nf3 Nxa6 11. g3 c5 12. Bg2 Qa5+ 13. Bd2 Qb5 14. dxc5
Naxc5 15. Nd4 Qa4 16. Qxa4 Rxa4 17. Bb4 d6 18. Nb5 Rd8 19. Rd1 Na6 20. b3 Rxb4
21. axb4 d5 22. f4 Nxb4 23. Bxe4 fxe4 24. Nd4 Re8 25. Kd2 e5 26. fxe5 Rxe5 27.
Ke3 Bh3 28. Ra1 Re7 29. Ra8+ Kf7 30. Rha1 1-0

[Event "20th European Teams"]
[Site "Reykjavik ISL"]
[Date "2015.11.13"]
[Round "1.9"]
[Board "3"]
[White "Arnason, Jon L"]
[Black "Van Wely, Loek"]
[Result "0-1"]
[WhiteTitle "GM"]
[BlackTitle "GM"]
[WhiteElo "2500"]
[BlackElo "2632"]
[WhiteTeam "Iceland Legends"]
[BlackTeam "Netherlands"]
[WhiteFideId "2300036"]
[BlackFideId "1000268"]
[EventDate "2015.11.13"]

1. e4 c5 2. Nf3 d6 3. d4 cxd4 4. Nxd4 Nf6 5. Nc3 a6 6. Be2 e6 7. O-O Be7 8. f4
O-O 9. a4 Nc6 10. Kh1 Qc7 11. Be3 Re8 12. Bf3 Rb8 13. Qe1 e5 14. Nde2 Be6 15.
Rd1 b5 16. axb5 axb5 17. f5 Bc4 18. b3 Bxe2 19. Bxe2 Nb4 20. Rc1 Qc6 21. Bd2 Na6
22. Bf3 Qb7 23. g4 b4 24. Na4 d5 25. exd5 e4 26. Bg2 Bd6 27. g5 Nxd5 28. Bxe4
Qa7 29. Qh4 Qd4 30. Rce1 Qxd2 31. f6 g6 32. Bd3 Nf4 33. Rxe8+ Rxe8 34. Qg3 Nxd3 0-1

[Event "20th European Teams"]
[Site "Reykjavik ISL"]
[Date "2015.11.13"]
[Round "1.9"]
[Board "4"]
[White "Tiviakov, Sergei"]
[Black "Petursson, Margeir"]
[Result "1/2-1/2"]
[WhiteTitle "GM"]
[BlackTitle "GM"]
[WhiteElo "2608"]
[BlackElo "2520"]
[WhiteTeam "Netherlands"]
[BlackTeam "Iceland Legends"]
[WhiteFideId "1008013"]
[BlackFideId "2300028"]
[EventDate "2015.11.13"]

1. e4 c5 2. Nc3 d6 3. Nge2 g6 4. d4 cxd4 5. Nxd4 Nf6 6. g3 Bg7 7. Bg2 O-O 8. O-O
Nc6 9. Nde2 Rb8 10. Nd5 Nd7 11. c3 b6 12. Nd4 Nxd4 13. cxd4 e6 14. Nc3 b5 15.
Re1 b4 16. Na4 Nb6 17. Nxb6 Qxb6 18. Be3 Qb5 19. Qd2 Bd7 20. d5 a5 21. Bh6 exd5
22. Bxg7 Kxg7 23. exd5 Rfe8 24. Qd4+ Kg8 25. h4 Rxe1+ 26. Rxe1 Re8 27. Rxe8+
Bxe8 28. h5 gxh5 29. Bf3 Qc5 30. Qf6 Bb5 31. Be4 Qc1+ 32. Kh2 Qe1 33. Bxh7+ Kxh7
34. Qxf7+ Kh6 1/2-1/2